Estadísticas para Historia por Letra - H

Haz click aquí para intentar la prueba.

Estadísticas generales

  • Esta prueba ha sido intentada 3.193 veces
  • La puntuación promedio es 9 de 20

Estadísticas de respuestas

PistaRespuesta% Correcto
El dictador alemán que odiaba a los judíosAdolf Hitler
100%
La ciudad que fue golpeada por una bomba atómicaHiroshima
97%
La universidad más antigua de los Estados UnidosHarvard
79%
El genocidio judío durante la Segunda Guerra MundialHolocausto
79%
La isla china que fue tomada por los británicos en 1842Hong Kong
52%
El grupo nómada que amenazó a Roma en el siglo VHunos
51%
Especies homínidas "erguidas"Homo Erectus
49%
La dinastía que gobernó AustriaHabsburgo
46%
Emperador de Japón en la Segunda Guerra MundialHirohito
45%
Líder iraquí que fue ahorcado en 2006Sadam Husein
44%
El rey babilonio cuyo código decretó "ojo por ojo"Hammurabi
37%
Primer Presidente de VietnamHo Chi Minh
36%
El "Padre de la Historia" griegoHeródoto
31%
Grupo que masacró a los tutsis en RuandaHutu
30%
Apellido de los Presidentes de los Estados Unidos William y BenjaminHarrison
24%
Los protestantes franceses de los siglos XVI y XVIIHugonotes
21%
¿Dónde venció Guillermo a Haroldo en 1066?Hastings
16%
Peregrinación islámica a la MecaHayy
13%
El líder de los camioneros que desapareció en 1975Jimmy Hoffa
13%
Mercenarios alemanes contratados por Gran Bretaña en la Revolución AmericanaHessianos
7%

Distribución de puntuación

Porcentaje por número respondido

Porcentaje de gente con cada puntuación

Historial de tus puntuaciones

No has intentado esta prueba.